Score 0/20 Timer 05:00
2 Plays Today
% Correct
It went downhill from there.
97.3%
A bright spark who knows what's watt.
97%
It is impossible to put down.
96%
He found out how a Mercedes bends.
95.2%
You're right so I left.
94.8%
Nothing, but it let out a little wine.
94.5%
They can see right through you.
94.4%
I never thought I'd hear myself say that.
94.3%
It's a dying industry.
94.2%
You're so pointless.
94.1%
% Correct
A non-prophet organization.
94%
I got over it.
93.8%
Even the cake was in tiers.
93.7%
The heat was in tents.
92.9%
A dog came and stole the show.
92.8%
He liked to sit down be cider.
92.7%
A long sentence.
90.3%
Then again, one has never served me food.
87.5%
So I used my back up plan.
87.4%
Two suckers got licked.
81.7%

You're not logged in!

Compare scores with friends on all Sporcle quizzes.
OR
Log In

From the Vault

Spot the Difference VIII

by Cutthroat

You'll need eyes like a bird for this one, or at least some really good glasses.
Remove Ads.
Support Sporcle.
Get the best of Sporcle when you Go Orange. This ad-free experience offers more features, more stats, and more fun while also helping to support Sporcle. Thank you for becoming a member.

Show Comments

Extras

Top Quizzes Today


Score Distribution

Your Account Isn't Verified!

In order to create a playlist on Sporcle, you need to verify the email address you used during registration. Go to your Sporcle Settings to finish the process.

Report this User

Report this user for behavior that violates our Community Guidelines.

Details: